| 000 | 09451nam a22006737a 4500 | ||
|---|---|---|---|
| 005 | 20100518104511.0 | ||
| 008 | 100518t xxu||||| |||| 00| 0 hin d | ||
| 010 | _aHIN-89378 | ||
| 020 |
_c200.00 _a8188539201 |
||
| 035 | _aHN-61724 | ||
| 035 | _aB-416247-277 | ||
| 037 | _bDBAD / PUB | ||
| 037 | _bसुरेन्द्र कुमार एण्ड सन्ज/ VEN | ||
| 040 |
_aDPL _bHN |
||
| 082 | _aउ | ||
| 100 |
_aआशापूर्णा देवी _918668 |
||
| 245 |
_aसृष्टिहीन / _cआशापूर्णा देवी; ममता खरे द्वारा अनुदित |
||
| 246 |
_aSristihin/ _bby Aashapurna Devi; ed. by Mamata Khare |
||
| 260 |
_aनई दिल्ली _bअक्षर माला _c2010 |
||
| 270 |
_aए-47, अमक कालोनी, लाजपत नगर _bनई दिल्ली _e110024 |
||
| 300 |
_a144पृ _c22सेमी (सजिल्द) |
||
| 650 |
_aहिन्दी कथा साहित्य _9657 |
||
| 650 |
_aHindi fiction _918669 |
||
| 700 |
_aखरे, ममता _918670 |
||
| 942 |
_2ddc _cHN _mआशापू _hउ |
||
| 999 |
_c36173 _d36173 |
||